Iniciación a la valoración genética animal: metodología adaptada al EEES

Bewaard in:
Bibliografische gegevens
Hoofdauteur: Gutiérrez García, Juan Pablo (Auteur)
Formaat: Boek
Taal:Spaans
Gepubliceerd in: Madrid Editorial Complutense 2010
Editie:1a. ed
Onderwerpen:
Tags: Voeg label toe
Geen labels, Wees de eerste die dit record labelt!

MARC

LEADER 00000cam a2200000 a 4500
001 UCD7667
003 CL-VaPUC
008 170331e20100200sp |||||||||||||||||spa|d
020 |a 9788499380216 
082 0 4 |a 636.0821  |b GUT  |2 21 
100 0 |a Gutiérrez García, Juan Pablo  |e author  |9 591677 
245 1 0 |a Iniciación a la valoración genética animal: metodología adaptada al EEES 
250 |a 1a. ed 
300 |a 353 p 
942 |c BK 
945 |d 20170331 00:58:00  |a arojas 
260 |a Madrid  |b Editorial Complutense  |c 2010 
650 7 |a GENETICA ANIMAL  |2 CL-VaPUC  |9 261227 
650 0 |a Reproducción  |9 269783 
650 0 |a Genes  |9 330314 
650 7 |a GAMETOS  |2 CL-VaPUC  |9 418169 
583 |a last modification  |c 20170331 00:58:00  |k Rodrigo Vera 
999 |c 367635  |d 367633 
952 |0 0  |1 0  |3 erb  |4 0  |6 636_082100000000000_GUT_2010  |7 0  |8 CCM  |9 482633  |a BIBCUR  |b BIBCUR  |i 5370752  |o 636.0821 GUT 2010  |p 5370752  |r 2025-04-22  |w 2019-11-24  |y BK  |z Catalogado en:20170331  |k CIM 
952 |0 0  |1 0  |3 erb  |4 0  |6 636_082100000000000_GUT_2010  |7 0  |8 CCM  |9 482634  |a BIBCUR  |b BIBCUR  |i 5370760  |o 636.0821 GUT 2010  |p 5370760  |r 2025-04-22  |w 2019-11-24  |y BK  |z Catalogado en:20170331  |k CIM